000
00307nam a22001337a 4500
008
180125b xxu||||| |||| 00| 0 eng d
020
_a
9780962825422
041
_a
eng
080
_a
159.9
100
_a
48
101
_a
PSI
245
_a
Family desk reference to psychology
_c
Falcon,C.T
942
_2
udc
_c
BK
999
_c
40921
_d
40921